UM Logo

The ups and downs of reading across content areas : (Record no. 17978)

MARC details
000 -LEADER
fixed length control field 00872nam a22002177a 4500
003 - CONTROL NUMBER IDENTIFIER
control field OSt
005 - DATE AND TIME OF LATEST TRANSACTION
control field 20230228144202.0
008 - FIXED-LENGTH DATA ELEMENTS--GENERAL INFORMATION
fixed length control field 230228b ||||| |||| 00| 0 eng d
040 ## - CATALOGING SOURCE
Transcribing agency 0
082 ## - DEWEY DECIMAL CLASSIFICATION NUMBER
Classification number DPer 370.15 J826 January - February 2020 v112 no. 1-2
100 ## - MAIN ENTRY--PERSONAL NAME
Personal name Neugebauer, Sabina Rak.
Relator term author.
9 (RLIN) 47971
245 ## - TITLE STATEMENT
Title The ups and downs of reading across content areas :
Remainder of title the association between instruction and fluctuations in reading motivation /
Statement of responsibility, etc. Sabina Rak Neugebauer and Allison F. Gilmour
260 ## - PUBLICATION, DISTRIBUTION, ETC. (IMPRINT)
Place of publication, distribution, etc. Washington,
Name of publisher, distributor, etc. American Psychological Association,
Date of publication, distribution, etc. February 2020.
300 ## - PHYSICAL DESCRIPTION
Extent volume 112, pages 344-363, illustration.
650 ## - SUBJECT ADDED ENTRY--TOPICAL TERM
Topical term or geographic name as entry element Reading.
9 (RLIN) 47972
650 ## - SUBJECT ADDED ENTRY--TOPICAL TERM
Topical term or geographic name as entry element Education.
9 (RLIN) 47973
650 ## - SUBJECT ADDED ENTRY--TOPICAL TERM
Topical term or geographic name as entry element Middle schools.
9 (RLIN) 47974
700 ## - ADDED ENTRY--PERSONAL NAME
Personal name Neugebauer, Sabina Rak.
Relator term author.
9 (RLIN) 47971
700 ## - ADDED ENTRY--PERSONAL NAME
Personal name Gilmour, Allison F.
Relator term author.
9 (RLIN) 47975
942 ## - ADDED ENTRY ELEMENTS (KOHA)
Source of classification or shelving scheme Dewey Decimal Classification
Koha item type Periodicals
Holdings
Withdrawn status Lost status Source of classification or shelving scheme Damaged status Not for loan Collection code Home library Current library Date acquired Total Checkouts Full call number Date last seen Price effective from Koha item type Public note
    Dewey Decimal Classification     Periodicals UM Digos College - LIC UM Digos College - LIC 02/28/2023   DPer 370.15 J826 January - February 2020 v112 no. 1-2 02/28/2023 02/28/2023 Periodicals Periodical article